| 000 | 00753nam a2200217 i 4500 | ||
|---|---|---|---|
| 001 | 185552 | ||
| 003 | ES-MaACL | ||
| 005 | 20230906222450.0 | ||
| 008 | 160708s1951 ve |||| | spa d | ||
| 080 | _a812.134.2(87)-1"18/19"(082) | ||
| 245 | 0 | 3 |
_aLa poesía larense / _cselección de Guillermo Morón y Hermann Garmendía. |
| 250 | _aEd. conmemorativa del IV centenario de la ciudad de Barquisimeto. | ||
| 260 |
_a[Caracas] : _bEdit. Avila Gráfica, _c[1951] |
||
| 300 |
_a403 p. ; _c23 cm. |
||
| 490 | 1 |
_aBiblioteca de cultura larense ; _v1 |
|
| 700 | 0 |
_aMorón, Guillermo. _983638 |
|
| 700 | 1 |
_aGarmendía, Hermann. _9160125 |
|
| 830 | 0 |
_aBiblioteca de cultura larense ; _v1 _9192343 |
|
| 852 |
_aES-MaACL _jE-3438 |
||
| 999 |
_c185552 _d185552 |
||